Дела об учреждении училищной комиссии из состава профессоров Дерптского университета для осуществления надзора над училищами Дер...

Доступно только в Электронных читальных залах Найти на картеНа карте
RUSMARC
00005125nmc2a2200000 x 450
00163a2eed6-fd62-4a08-a4db-cfbe7367928d
00520170113110432.0
100##$a20140507l18031808k l0rusy0189 ca
1010#$arus
102##$aRU
2001#$aДела об учреждении училищной комиссии из состава профессоров Дерптского университета для осуществления надзора над училищами Дерптского округа и об опубликовании устава учебных заведений, утвержденного в 1804 году
$j10 апреля 1803 г. - 12 июля 1808 г.
251##$cДело
300##$aДело
300##$aОриг. заголовок дела: Дело по представлению попечителя Дерптского округа о учреждении при Дерптском университете училищной комиссии и избрании членами оной: Парота, Моргенштерна, Меотина, Зонтага, Пензпана, Гели и Балка. Тут же: высочайше утвержденные постановления Дерптского университета, касательно надзирания училищ сего округа и штат оных училищ и ежегодного содержания. Тут же: рескрипты, которым повелено пополнять расходы Дерптского университета суммами других округов, где еще все училища не открыты и остатки находятся. 18 апреля 1803 г. - 18 июня 1804 г
801#0$aRU
$bРГИА
$c20140507
$gRCR
801#1$aRU
$bГлавНИВЦ
$c20140507
$2rusmarc
801#2$aRU
$bПБ им. Б.Н. Ельцина
$c20170113
$gRCR
$2rusmarc
850##$aРГИА
852##$aРГИА
$eФедеральное казенное учреждение "Российский государственный исторический архив" (РГИА)
$j30
937##$hРГИА
$d11167596
$aASBIBLIO_SCAN
462#0$10015faafd89-1df2-4e8f-a0ba-1d8a620713c6
$12001
$aДела Департамента народного просвещения по Дерптскому учебному округу за 1802-1836 гг.
$1251
$cОпись
$1852
$j56
461#0$1001a74412a3-3cc5-4d21-8f0a-dfe2fbd9e72d
$12001
$aДепартамент народного просвещения Министерства народного просвещения (1803-1917)
$1251
$cФонд
$1852
$j733
215##$a56 л.
$d36,5х26 см
371##$aДокумент не является опубликованным и широко распространяемым
105##$ay###
1222#$ad
5171#$aДело по представлению попечителя Дерптского округа о учреждении при Дерптском университете училищной комиссии и избрании членами оной: Парота, Моргенштерна, Меотина, Зонтага, Пензпана, Гели и Балка. Тут же: высочайше утвержденные постановления Дерптского университета, касательно надзирания училищ сего округа и штат оных училищ и ежегодного содержания. Тут же: рескрипты, которым повелено пополнять расходы Дерптского университета суммами других округов, где еще все училища не открыты и остатки находятся. 18 апреля 1803 г. - 18 июня 1804 г.
035##$a63a2eed6-fd62-4a08-a4db-cfbe7367928d
856##$uhttp://readingroom.main.prlib.ru/item.aspx?id_node=n94228116&mode=full
Формат отображения